000 01250cam a22002775 4500
001 L136489
008 070202s2004 xxk f 000 0 eng u
020 _a0852954514
035 _a(Sirsi) u136489
041 0 _aeng
050 0 4 _a692.8 $2 18
100 1 _aWright, David
240 0 4 _aThe purple book
245 0 0 _aForms of contract
_buser guide
_bthe purple book
250 _a4th ed.
260 _aRugby
_bIChemE
_c2004
300 _avi, 278p.
_c24cm.
350 _a55
505 2 _aIntroductory notes -- The red book -- The green book -- The burgundy book -- The yellow and brown books -- The orange book
520 _aProvides guidance on the Forms of Contract series (the Purple Book) published by the Institution of Chemical Engineers. The Institution has tried to produce sets of contract conditions which can be used as a basis for contracts in the process industries and are fair to both sides. This volume explains the way in which the conditions are intended to work.
590 _aKA
651 4 _aUnited Kingdom
_y
690 _aBUILT ENVIRONMENT-BUILDING CONTRACT FORMS-STANDARD FORMS OF BUILDING CONTRACT-INSTITUTION OF CHEMICAL ENGINEERS CONTRACTS
710 1 _aInstitution of Chemical Engineers
_91773
942 _n0
999 _c106408
_d106408